| 000 | 00605nam a22001937a 4500 | ||
|---|---|---|---|
| 999 |
_c61603 _d61603 |
||
| 005 | 20240328143819.0 | ||
| 008 | 240328s2012 enk||||| |||| 00| 0 eng d | ||
| 020 | _a9780136020585 | ||
| 041 | _aeng | ||
| 080 | _a514.144 V-38 | ||
| 100 |
_aVenema, Gerard _921618 |
||
| 245 |
_aFoundations of Geometry: _bFoundations of Geometry / _cGerard Venema. |
||
| 250 | _asecond edition | ||
| 264 |
_aBoston : _bPearson, _c2012. |
||
| 300 |
_a890 p.; _b25 cm. |
||
| 653 | _aგეომეტრიის საფუძვლები | ||
| 653 | _aგეომეტრია | ||
| 942 |
_2udc _cᲬᲘᲒᲜᲘ |
||